000 00801nam a2200217Ii 4500
003 JO-AjNU
008 230605s9999||||xx |||||||||||||| ||und||
017 _a1992/2/107
040 _aJO-AjNU
_bara
_erda
_cJO-AjNU
041 _aara
050 1 4 _aBP87.B784.1993
100 3 _aبريغش،محمد حسن,
_eauthor
_910410
245 0 0 _aفي القصة الإسلامية المعاصرة :دراسة وتطبيق
250 _aط1
264 3 1 _aبيروت-عمان:دار البشير ، مؤسسة الرسالة للطباعة والنشر والتوزيع،1993
300 _a159ص
336 _atext
_btxt
_2rdacontent
337 _aunmediated
_bn
_2rdamedia
338 _avolume
_bnc
_2rdacarrier
650 4 _aالقصة العربية-تاريخ ونقد-القصة الاسلامية
_910411
999 _aA1792
_c5360
_d5360